Vincenzo Montella's Milan - Statistics

General Stats
  • This quiz has been taken 7 times
  • The average score is 24 of 42
Answer Stats
Rank Player Position Nationality Matches Goals Assists % Correct
3 Alessio Romagnoli Centre-Back 44 3 1
100%
7 Carlos Bacca Centre-Forward 34 14 4
100%
11 Cristian Zapata Centre-Back 28 1 0
100%
20 Hakan Çalhanoğlu Defensive Midfield 19 2 6
100%
6 Ignazio Abate Right-Back 37 0 3
100%
2 Suso Right Winger 57 13 17
100%
27 André Silva Centre-Forward 17 8 1
86%
14 Franck Kessié Central Midfield 22 2 4
86%
1 Gianluigi Donnarumma Goalkeeper 63 0 0
86%
8 Juraj Kucka Central Midfield 33 4 2
86%
36 Keisuke Honda Attacking Midfield 9 1 0
86%
26 Ricardo Rodríguez Left-Back 17 3 1
86%
15 Davide Calabria Right-Back 20 0 2
71%
5 Giacomo Bonaventura Attacking Midfield 37 6 6
71%
19 José Sosa Attacking Midfield 19 0 3
71%
32 Lucas Biglia Defensive Midfield 13 0 0
71%
4 Manuel Locatelli Defensive Midfield 42 2 1
71%
13 Mario Pasalic Central Midfield 27 5 1
71%
30 Nikola Kalinić Centre-Forward 15 3 2
71%
17 Gustavo Gómez Centre-Back 20 0 0
57%
18 Leonardo Bonucci Centre-Back 19 0 1
57%
29 Mateo Musacchio Centre-Back 15 1 0
57%
16 M'Baye Niang Centre-Forward 20 3 3
57%
25 Patrick Cutrone Centre-Forward 18 7 2
57%
21 Riccardo Montolivo Defensive Midfield 18 3 0
57%
34 Andrea Poli Central Midfield 13 0 0
43%
9 Gabriel Paletta Centre-Back 32 2 2
43%
10 Gianluca Lapadula Centre-Forward 29 8 3
43%
28 Luca Antonelli Left-Back 17 1 1
43%
37 Luiz Adriano Centre-Forward 7 0 0
43%
12 Mattia De Sciglio Right-Back 27 0 2
43%
24 Andrea Bertolacci Central Midfield 18 1 1
29%
39 José Mauri Central Midfield 3 0 0
29%
35 Lucas Ocampos Left Winger 12 0 2
29%
38 Andrea Conti Right-Back 5 0 0
14%
23 Fabio Borini Left Winger 18 1 4
14%
22 Gerard Deulofeu Centre-Forward 18 4 3
14%
40 Marco Storari Goalkeeper 1 0 0
14%
33 Matías Fernández Attacking Midfield 13 1 2
14%
31 Leonel Vangioni Left-Back 15 0 0
0%
42 Matteo Gabbia Centre-Back 1 0 0
0%
41 Niccolò Zanellato Central Midfield 1 0 0
0%
No matching quizzes found
Score Distribution
Percent of People with Each Score
Percentile by Number Answered
Your Score History
You have not taken this quiz